| 000 | 00963nam a22002897a 4500 | ||
|---|---|---|---|
| 003 | CHAP | ||
| 005 | 20220817043404.0 | ||
| 008 | 971013s1966 r 00010 d | ||
| 010 | _a74089 | ||
| 011 | _a75061 | ||
| 035 | _a84621 | ||
| 040 | _cCHAP | ||
| 090 | _aFolleto 439 | ||
| 100 | 0 | 0 |
_aGarza Mercado, Ario. _947105 |
| 245 |
_aAnteproyecto para la organización del servicio bibliotecario de la Universidad de Nuevo León, 1967 _c/ 1992 |
||
| 260 |
_aMonterrey, N.L. : _bUniversidad de Nuevo León, Depto. de Bibliotecas, _c1966 |
||
| 300 | _a15 h. | ||
| 590 |
_aBATCH-UPD _b10 _c20130110 _lUCH01 _h2056 |
||
| 590 |
_aBATCH-UPD _b10 _c20130410 _lUCH01 _h1409 |
||
| 590 |
_aBATCH-UPD _b10 _c20130914 _lUCH01 _h2130 |
||
| 590 |
_aCONVERSION _b10 _c20130109 _lUCH01 _h1340 |
||
| 650 | 1 | 4 | _aBibliotecas universitarias. |
| 650 | 1 | 4 |
_aBibliotecas _xAdministración. _912489 |
| 901 | _aBK | ||
| 942 | _cFOLL | ||
| 949 |
_aFolleto 439 _bBC _cFOLL _d-40041 _eTS1 _i84621 _si |
||
| 999 |
_c74089 _d74089 |
||